Normal view
MARC view
Entry Πρόσωπο
001 - ΑΡΙΘΜΟΣ ΕΛΕΓΧΟΥ
- Πεδίο ελέγχου: 10261
005 - ΗΜΕΡΟΜΗΝΙΑ - ΩΡΑ ΤΕΛΕΥΤΑΙΑΣ ΕΝΗΜΕΡΩΣΗΣ
- Πεδίο ελέγχου: 20260114104330.0
008 - ΣΤΟΙΧΕΙΑ ΔΕΔΟΜΕΝΩΝ ΣΤΑΘΕΡΟΥ ΜΗΚΟΥΣ
- Πεδίο ελέγχου σταθερού μήκους: 260114|| aca||aabn | a|a d
040 ## - ΠΗΓΗ ΚΑΤΑΛΟΓΟΓΡΑΦΗΣΗΣ
- Φορέας πρωτότυπης καταλογογράφησης: GR-AtMCL
- Γλώσσα καταλογογράφησης: gre
- Φορέας που τροποποιεί: GR-AtMCL
- Κανόνες περιγραφής: AACR2
100 ## - ΕΠΙΚΕΦΑΛΙΔΑ - ΟΝΟΜΑ ΠΡΟΣΩΠΟΥ
- Όνομα φυσικού προσώπου: Arena, Brittney
942 ## - KOHA INTERNAL USE
- Τύπος καθιερωμένου αρχείου: PERSO_NAME